ARRUPE JESUIT UNIVERSITY

CORONAVIRUS -STOP THE SPREAD - CLEAN,DISINFECT,COVER

Ethical criticism : (Record no. 121225)

MARC details
000 -LEADER
fixed length control field 00970mam a2200301 a 4500
001 - CONTROL NUMBER
control field 2111875
003 - CONTROL NUMBER IDENTIFIER
control field ARRUPE
005 - DATE AND TIME OF LATEST TRANSACTION
control field 20141112114214.0
008 - FIXED-LENGTH DATA ELEMENTS--GENERAL INFORMATION
fixed length control field 971222s1997 enk b 001 0 eng d
010 ## - LIBRARY OF CONGRESS CONTROL NUMBER
LC control number gb 98003608
015 ## - NATIONAL BIBLIOGRAPHY NUMBER
National bibliography number GB98-3608
020 ## - INTERNATIONAL STANDARD BOOK NUMBER
International Standard Book Number 0748609679 (hbk)
020 ## - INTERNATIONAL STANDARD BOOK NUMBER
International Standard Book Number 0748609555 (pbk)
035 ## - SYSTEM CONTROL NUMBER
System control number (OCoLC)ocm38124925
040 ## - CATALOGING SOURCE
Original cataloging agency DGU
Transcribing agency DGU
Modifying agency UKM
090 ## - LOCALLY ASSIGNED LC-TYPE CALL NUMBER (OCLC); LOCAL CALL NUMBER (OCLC)
Classification number (OCLC) (R) ; Classification number, CALL (RLIN) (NR) PN98.M67
Local cutter number (OCLC) ; Book number/undivided call number, CALL (RLIN) E23 1997
300 ## - PHYSICAL DESCRIPTION
Dimensions 24 cm.
100 1# - MAIN ENTRY--PERSONAL NAME
Personal name Eaglestone, Robert,
Dates associated with a name 1968-
9 (RLIN) 12564
245 10 - TITLE STATEMENT
Title Ethical criticism :
Remainder of title reading after Levinas /
Statement of responsibility, etc Robert Eaglestone.
260 ## - PUBLICATION, DISTRIBUTION, ETC. (IMPRINT)
Place of publication, distribution, etc Edinburgh :
Name of publisher, distributor, etc Edinburgh University Press,
Date of publication, distribution, etc c1997.
300 ## - PHYSICAL DESCRIPTION
Extent xii, 194 p. ;
504 ## - BIBLIOGRAPHY, ETC. NOTE
Bibliography, etc Includes bibliographical references (p. [181]-189) and index.
600 10 - SUBJECT ADDED ENTRY--PERSONAL NAME
Personal name Lévinas, Emmanuel
General subdivision Ethics.
9 (RLIN) 12565
600 14 - SUBJECT ADDED ENTRY--PERSONAL NAME
Personal name Lévinas, Emmanuel
General subdivision Philosophy.
9 (RLIN) 12566
650 #0 - SUBJECT ADDED ENTRY--TOPICAL TERM
Topical term or geographic name as entry element Criticism
General subdivision Moral and ethical aspects.
9 (RLIN) 12567
650 #0 - SUBJECT ADDED ENTRY--TOPICAL TERM
Topical term or geographic name as entry element Literary ethics.
9 (RLIN) 12568
942 ## - ADDED ENTRY ELEMENTS (KOHA)
Source of classification or shelving scheme Library of Congress Classification
Koha item type Monograph ( Printed materials)
Holdings
Withdrawn status Lost status Source of classification or shelving scheme Damaged status Not for loan Collection code Home library Current library Shelving location Date acquired Total Checkouts Full call number Barcode Date last seen Date checked out Price effective from Koha item type
    Library of Congress Classification     Main Collection ARRUPE LIBRARY ARRUPE LIBRARY Main Collection 12/11/2014 3 B2430.L 484 E33 2008 46500003704 17/02/2017 14/02/2017 12/11/2014 Monograph ( Printed materials)

 

Arrupe Library. PO Box MP320 Mt Pleasant, Harare, Zimbabwe
263 242 745411|librarian@aju.ac.zw